Permanente tendencia deficitaria de la balanza comercial

Sábháilte in:
Sonraí bibleagrafaíochta
Formáid: Téacs
Ábhair:
Clibeanna: Cuir clib leis
Níl clibeanna ann, Bí ar an gcéad duine le clib a chur leis an taifead seo!

MARC

LEADER 00000 a a2200000 04500
001 5809
003
040
245 |a Permanente tendencia deficitaria de la balanza comercial  
650 |a DEFICIT  
650 |a BALANZA COMERCIAL  
650 |a FINANCIAMIENTO  
650 |a IMPORTACIONES  
650 |a EXPORTACIONES  
650 |a INTERCAMBIO COMERCIAL  
773 |g volumen 14, número 590; páginas 7-9  
999 |c 33920  |d 33920